Teoretické otázky vzťahu ekonómie a životného prostredia
Analýza vzťahu ekonómie a životného prostredia v dielach veľkých ekonómov 18., 19., storočia a koniec 20. storočia. Vzťah hlavných ekonomických prúdov k danej otázke. Podstata environmentálnej ekonómie, ekonómie prírodných zdrojov a ekologickej ekonómie. Vznik a podstata konceptu trvalo udržateľnéh...
Salvato in:
| Autore principale: | |
|---|---|
| Natura: | Capitolo di libro |
| Lingua: | slovacco |
| Soggetti: | |
| Tags: |
Nessun Tag, puoi essere il primo ad aggiungerne!!
|
MARC
| LEADER | 00000naa$a2200000$$$4500 | ||
|---|---|---|---|
| 001 | 0084992 | ||
| 005 | 20240502071951.0 | ||
| 041 | 0 | |a slo | |
| 044 | |a SK | ||
| 245 | 1 | 0 | |a Teoretické otázky vzťahu ekonómie a životného prostredia |c Lucia Gálová |
| 520 | |a Analýza vzťahu ekonómie a životného prostredia v dielach veľkých ekonómov 18., 19., storočia a koniec 20. storočia. Vzťah hlavných ekonomických prúdov k danej otázke. Podstata environmentálnej ekonómie, ekonómie prírodných zdrojov a ekologickej ekonómie. Vznik a podstata konceptu trvalo udržateľného rozvoja. | ||
| 610 | 2 | 0 | |a rozvoj trvalo udržateľný |
| 610 | 2 | 0 | |a politika environmentálna |
| 610 | 2 | 0 | |a prostredie životné |
| 610 | 2 | 0 | |a veda ekonomická |
| 610 | 2 | 0 | |a osobnosť |
| 100 | 1 | |a Gálová, Lucia | |